Kabale University Library Catalogue

Fundamentals of electricity and magnetism (Record no. 5941)

MARC details
000 -LEADER
fixed length control field 00641nam a22002171 4500
005 - DATE AND TIME OF LATEST TRANSACTION
control field 20260202145543.0
008 - FIXED-LENGTH DATA ELEMENTS--GENERAL INFORMATION
fixed length control field 681219t19681969nyua b 001 0 eng
020 ## - INTERNATIONAL STANDARD BOOK NUMBER
International Standard Book Number 070347808
040 ## - CATALOGING SOURCE
Original cataloging agency KABLIB
Transcribing agency KABLIB
Description conventions rda
082 00 - DEWEY DECIMAL CLASSIFICATION NUMBER
Classification number 537
Edition number 23
Item number KIP
100 1# - MAIN ENTRY--PERSONAL NAME
Personal name Kip, Arthur F.
9 (RLIN) 14991
245 10 - TITLE STATEMENT
Title Fundamentals of electricity and magnetism
Statement of responsibility, etc. Arthur F. Kip.
250 ## - EDITION STATEMENT
Edition statement 2d ed.
260 ## - PUBLICATION, DISTRIBUTION, ETC.
Place of publication, distribution, etc. Auckland :
Name of publisher, distributor, etc. McGraw-Hill,
Date of publication, distribution, etc. c1969
300 ## - PHYSICAL DESCRIPTION
Extent xxiii, 630 p. :
Other physical details ill. ;
Dimensions 21 cm.
490 0# - SERIES STATEMENT
Series statement McGraw-Hill series in fundamentals of physics
504 ## - BIBLIOGRAPHY, ETC. NOTE
Bibliography, etc. note Includes index.
650 #0 - SUBJECT ADDED ENTRY--TOPICAL TERM
Topical term or geographic name entry element Electricity.
650 #0 - SUBJECT ADDED ENTRY--TOPICAL TERM
Topical term or geographic name entry element Magnetism.
9 (RLIN) 14992
942 ## - ADDED ENTRY ELEMENTS (KOHA)
Source of classification or shelving scheme Dewey Decimal Classification
Koha item type Book
Holdings
Withdrawn status Lost status Source of classification or shelving scheme Damaged status Not for loan Home library Current library Shelving location Date acquired Source of acquisition Total Checkouts Full call number Barcode Date last seen Price effective from Koha item type
    Dewey Decimal Classification     Education Library Education Library Open Access Section 02.02.2026 Donation   537 KIP 14381 02.02.2026 02.02.2026 Book

Kabale University Library | Kabale University P.O Box 317, Kabale, Uganda
Tel : +256754017033, +256774661503 E-mail : library@kab.ac.ug